000 01443cam a2200325 i 4500
001 20815
003 CO-MdFUSB
005 20161013150715.0
008 160226b20112004s ||||g |||| 00| 0 spa d
020 _a978-84-15189-01-5
040 _aCO-MdFUSB
_bEspañol
_cCO-MdBIC
_erda
041 _aspa
082 _a221
_bC7325c
100 _aWright, Christopher J. H., 1947-
245 1 0 _aEzequiel
_b : Un nuevo corazón y un nuevo espíritu
_f / Christopher Wright ; traducido por Dámaris Stunt
250 _aSegunda edición
264 _aBarcelona, España
_b : Andamio
_c2011
300 _a434 páginas
336 _a5
_2rdacontent
337 _2rdamedia
_a2
338 _a2
_2rdacarrier
490 _aComentario Antiguo Testamento Andamio
500 _aTítulo original en inglés: The message of Ezekiel
501 _arústico
504 _aIncluye referencias bibliográficas: páginas
505 0 0 _a Ruedas en medio de ruedas: Visión del llamamiento de Ezequiel -- El teatro de los condenados: Primer año de Ezequiel en el ministerio -- La gloria se va -- Historia con carácter propio -- ¿Entonces, quién podrá salvarse? -- El momento decisivo -- "Entonces las naciones sabrán que yo soy el Señor" -- El evangelio según Ezequiel -- La gloria de Dios revelada al mundo y restaurada a su pueblo
630 7 _aBiblia.
_pAntiguo Testamento
_xCrítica, interpretación, etc.
630 0 7 _aBiblia.
_pEzequiel
942 _cBK
999 _c47166
_d47166